000 00217 a2200097 4500
001 47630
100 _aChurchill P
245 _aThe their choice
260 _aLondon
_bHodder and Stoughton
_c
090 _c30642
_d30642
942 _aNUST-CAE
_cM
_c22939
999 _c282703
_d282703